| 000 | 00594cam a22002294a 4500 | ||
|---|---|---|---|
| 005 | 20160111081614.0 | ||
| 008 | 150515b xxu||||| |||| 00| 0 eng d | ||
| 020 | _a9780073191645 | ||
| 020 | _a0073191647 | ||
| 041 | 0 | _aeng | |
| 080 | _a164 | ||
| 100 | 1 | _aMarcovitz, Alan B,. | |
| 245 | 1 | 0 |
_aIntroduction to logic design / _cAlan B, Marcovitz. |
| 250 | _a3rd ed. | ||
| 260 |
_aDubuque, IA : _bMcGraw-Hill, _c2010. |
||
| 300 |
_a637 f. : _bme il.; _c24 cm. |
||
| 505 | 0 | _aIndex: f. 629 - 637 | |
| 650 | 0 | _aLogjika | |
| 650 | 0 | _aMatematika | |
| 650 | 0 | _aQarqet digjitale | |
| 942 |
_2udc _cBK |
||
| 999 |
_c775 _d775 |
||